000 00517nam a2200181Ia 4500
008 240925s9999 xx 000 0 und d
020 _a9780070648371
082 _a604.24 JOL
100 _aJolhe ,Dhananjay A.
245 0 _aEngineering Drawing with an Introduction to AutoCAD
250 _a1st
260 _aNew Delhi:
_bMcGraw Hill Education (India) Private Limited
_c,2011.
300 _a634p.
_bNA
_fNA
500 _aIncludes Index
600 _aElectrical Engineering
650 _aTechnology
942 _cBK
999 _c13001
_d13001